[Event "Tradewise Gibraltar Masters 16th"]
[Site "Gibraltar"]
[Date "2018.01.25"]
[Round "3.92"]
[White "Tejaswini, Sagar"]
[Black "Bjerre, Jonas Buhl"]
[Result "1/2-1/2"]
[WhiteElo "2081"]
[BlackElo "2367"]
[PlyCount "92"]
[EventDate "2018.01.23"]
[EventType "swiss"]
[EventRounds "10"]
[EventCountry "GGB"]
[SourceTitle "BritBase"]
[Source "www.saund.co.uk"]
[SourceDate "2018.02.10"]
[SourceVersion "1"]
[SourceVersionDate "2018.02.10"]
[SourceQuality "1"]

1. e4 c5 2. Nf3 d6 3. d4 cxd4 4. Nxd4 Nf6 5. Nc3 a6 6. h3 e5 7. Nb3 Be6 8. Be3
Nbd7 9. g4 Rc8 10. g5 Rxc3 11. bxc3 Nxe4 12. Bg2 Nxc3 13. Qd3 Qc7 14. Bd2 Na4
15. Ba5 b6 16. Qe4 bxa5 17. Qxa4 Qc3+ 18. Kd1 Be7 19. Qxa5 Qb2 20. h4 O-O 21.
Kd2 Rc8 22. Rac1 Bd8 23. Qxa6 Qc3+ 24. Kd1 e4 25. Bxe4 Ne5 26. Qe2 Rc4 27. f3
Ba5 28. Bd3 Ra4 29. Nxa5 Rxa5 30. Rb1 Rxa2 31. Qd2 Qc8 32. Rf1 g6 33. Rf2 Qc5
34. Ke1 Ra4 35. f4 Ng4 36. Rg2 Ne3 37. Re2 Nc4 38. Rb8+ Kg7 39. Qc3+ Ne5 40.
Qxc5 Nxd3+ 41. cxd3 dxc5 42. Re4 Ra1+ 43. Kd2 Ra2+ 44. Ke1 Ra1+ 45. Kf2 Ra2+
46. Re2 Ra4 1/2-1/2

[Event "Tradewise Gibraltar Masters 16th"]
[Site "Gibraltar"]
[Date "2018.01.25"]
[Round "3.93"]
[White "Berrocal Ruiz, Valentin"]
[Black "Blohberger, Felix"]
[Result "0-1"]
[WhiteElo "2068"]
[BlackElo "2367"]
[PlyCount "88"]
[EventDate "2018.01.23"]
[EventType "swiss"]
[EventRounds "10"]
[EventCountry "GGB"]
[SourceTitle "BritBase"]
[Source "www.saund.co.uk"]
[SourceDate "2018.02.10"]
[SourceVersion "1"]
[SourceVersionDate "2018.02.10"]
[SourceQuality "1"]

1. e4 e6 2. d3 d5 3. Nd2 Nf6 4. Ngf3 b6 5. g3 Bb7 6. Bg2 Be7 7. O-O c5 8. Re1
Nc6 9. Qe2 O-O 10. e5 Nd7 11. h4 b5 12. Nf1 Qb6 13. N1h2 Rfc8 14. Bf4 a5 15.
Ng5 h6 16. Ngf3 Qd8 17. h5 a4 18. a3 b4 19. Ng4 Bf8 20. Qd2 Kh7 21. d4 bxa3 22.
bxa3 Nxd4 23. Nxd4 cxd4 24. Bf1 Nc5 25. Bd3+ Nxd3 26. Qxd3+ Kh8 27. Ra2 Qa5 28.
Rb1 Ba6 29. Qxd4 Be2 30. Bd2 Qd8 31. Ne3 Bc5 32. Qf4 Bxh5 33. Bb4 g5 34. Qf6+
Qxf6 35. exf6 Bd4 36. Be7 Bf3 37. Nf1 Bc3 38. Nh2 Be2 39. Kg2 Kh7 40. Rh1 Kg6
41. g4 Bc4 42. Raa1 Bxa1 43. Rxa1 Be2 44. Ra2 Rc4 0-1

[Event "Tradewise Gibraltar Masters 16th"]
[Site "Gibraltar"]
[Date "2018.01.25"]
[Round "3.94"]
[White "Lazarne Vajda, Szidonia"]
[Black "Chibnall, Alana"]
[Result "1-0"]
[WhiteElo "2362"]
[BlackElo "1906"]
[PlyCount "31"]
[EventDate "2018.01.23"]
[EventType "swiss"]
[EventRounds "10"]
[EventCountry "GGB"]
[SourceTitle "BritBase"]
[Source "www.saund.co.uk"]
[SourceDate "2018.02.10"]
[SourceVersion "1"]
[SourceVersionDate "2018.02.10"]
[SourceQuality "1"]

1. d4 Nf6 2. Nf3 g6 3. g3 Bg7 4. Bg2 O-O 5. O-O d6 6. c4 c5 7. Nc3 cxd4 8. Nxd4
Nbd7 9. b3 Qa5 10. Bb2 Qh5 11. e3 Ne5 12. Qxh5 Nxh5 13. Nd5 Bf6 14. h3 Rd8 15.
g4 e6 16. Nc7 1-0

[Event "Tradewise Gibraltar Masters 16th"]
[Site "Gibraltar"]
[Date "2018.01.25"]
[Round "3.95"]
[White "Obiamiwe, Paul"]
[Black "Devereaux, Maxim L"]
[Result "0-1"]
[WhiteElo "1891"]
[BlackElo "2370"]
[PlyCount "80"]
[EventDate "2018.01.23"]
[EventType "swiss"]
[EventRounds "10"]
[EventCountry "GGB"]
[SourceTitle "BritBase"]
[Source "www.saund.co.uk"]
[SourceDate "2018.02.10"]
[SourceVersion "1"]
[SourceVersionDate "2018.02.10"]
[SourceQuality "1"]

1. Nf3 d5 2. d4 Nf6 3. c4 dxc4 4. Nc3 a6 5. a4 Bf5 6. e3 e6 7. Bxc4 Bb4 8. O-O
O-O 9. Qb3 Qe7 10. Na2 Bd6 11. Qxb7 Be4 12. Qb3 Nc6 13. Qd1 Na5 14. Be2 Rfb8
15. Nd2 Bc6 16. Qc2 Nd5 17. Nc3 e5 18. Nxd5 Bxd5 19. e4 exd4 20. Bxa6 Rxa6 21.
exd5 Qe5 22. Nf3 Qxd5 23. Qd3 Nb3 24. Qxa6 Nxa1 25. Rd1 Nb3 26. Qa7 c5 27. Re1
h6 28. Qa6 c4 29. Nd2 Nxc1 30. Nxc4 Nd3 31. Rd1 Bxh2+ 32. Kxh2 Qh5+ 33. Kg3
Qxd1 34. Qa7 Rb3 35. Qa8+ Kh7 36. Qe4+ g6 37. Qe7 Nxf2+ 38. Kxf2 Qc2+ 39. Nd2
Qxd2+ 40. Kf1 Qf4+ 0-1

[Event "Tradewise Gibraltar Masters 16th"]
[Site "Gibraltar"]
[Date "2018.01.25"]
[Round "3.96"]
[White "Barthel, Ansgar"]
[Black "Paehtz, Thomas"]
[Result "0-1"]
[WhiteElo "2187"]
[BlackElo "2356"]
[PlyCount "94"]
[EventDate "2018.01.23"]
[EventType "swiss"]
[EventRounds "10"]
[EventCountry "GGB"]
[SourceTitle "BritBase"]
[Source "www.saund.co.uk"]
[SourceDate "2018.02.10"]
[SourceVersion "1"]
[SourceVersionDate "2018.02.10"]
[SourceQuality "1"]

1. e4 g6 2. d4 Bg7 3. Nc3 d6 4. Be3 a6 5. Qd2 Nd7 6. O-O-O b5 7. Kb1 Bb7 8. f3
Rc8 9. g4 h6 10. h4 c5 11. dxc5 Nxc5 12. Bh3 b4 13. Nd5 Bxd5 14. exd5 Na4 15.
Bd4 Nc3+ 16. bxc3 bxc3 17. Qd3 Qa5 18. Ka1 Qb4 19. Rb1 Qxd4 20. Qxd4 Bxd4 21.
Ne2 Bf2 22. g5 Rd8 23. Bg2 hxg5 24. hxg5 Rxh1 25. Bxh1 e5 26. dxe6 fxe6 27. Nf4
Kf7 28. Nd3 Be3 29. f4 Ne7 30. Bf3 Rh8 31. a3 Rh2 32. Re1 Bd4 33. Re2 Rh3 34.
Ne1 Nf5 35. Bg4 Rh4 36. Bxf5 gxf5 37. Nd3 a5 38. a4 Rh8 39. Ka2 Rb8 40. Rh2 e5
41. Rh7+ Kg8 42. Rd7 e4 43. Nc1 Rb2+ 44. Ka1 Rxc2 45. Nb3 Rd2 46. Nxd4 Rxd4 47.
Kb1 e3 0-1

[Event "Tradewise Gibraltar Masters 16th"]
[Site "Gibraltar"]
[Date "2018.01.25"]
[Round "3.97"]
[White "Hemant, Sharma (Del)"]
[Black "Ranaivoharisoa, Alain"]
[Result "1-0"]
[WhiteElo "2348"]
[BlackElo "2142"]
[PlyCount "71"]
[EventDate "2018.01.23"]
[EventType "swiss"]
[EventRounds "10"]
[EventCountry "GGB"]
[SourceTitle "BritBase"]
[Source "www.saund.co.uk"]
[SourceDate "2018.02.10"]
[SourceVersion "1"]
[SourceVersionDate "2018.02.10"]
[SourceQuality "1"]

1. e4 c5 2. Nc3 d6 3. f4 Nc6 4. Nf3 g6 5. Bb5 Bg7 6. O-O e6 7. e5 d5 8. d4 cxd4
9. Ne2 Nge7 10. Nexd4 O-O 11. Be3 Bd7 12. Bd3 Nxd4 13. Nxd4 Qc7 14. c3 f6 15.
exf6 Bxf6 16. Qd2 a6 17. Rae1 Nc6 18. Nxc6 bxc6 19. Bc5 Rfe8 20. Qf2 a5 21. h4
Be7 22. Bd4 c5 23. Be5 Bd6 24. h5 Bxe5 25. Rxe5 c4 26. Bb1 Qa7 27. hxg6 h6 28.
Re3 Rf8 29. Kh1 Rf6 30. Qh4 Kg7 31. Rfe1 Raf8 32. f5 Qb8 33. Rh3 Rh8 34. Qd4 e5
35. Rxe5 Re8 36. Qf4 1-0

[Event "Tradewise Gibraltar Masters 16th"]
[Site "Gibraltar"]
[Date "2018.01.25"]
[Round "3.98"]
[White "Gara, Ticia"]
[Black "Stewart, Ashley"]
[Result "1-0"]
[WhiteElo "2331"]
[BlackElo "2120"]
[PlyCount "93"]
[EventDate "2018.01.23"]
[EventType "swiss"]
[EventRounds "10"]
[EventCountry "GGB"]
[SourceTitle "BritBase"]
[Source "www.saund.co.uk"]
[SourceDate "2018.02.10"]
[SourceVersion "1"]
[SourceVersionDate "2018.02.10"]
[SourceQuality "1"]

1. e4 c5 2. Nf3 g6 3. d4 cxd4 4. Qxd4 Nf6 5. Nc3 Nc6 6. Qa4 d6 7. e5 dxe5 8.
Nxe5 Bg7 9. Bb5 O-O 10. Nxc6 bxc6 11. Bxc6 Rb8 12. O-O Bb7 13. Bxb7 Rxb7 14.
Qa6 Qc8 15. a4 Nd7 16. Ra3 Nc5 17. Qc4 Ne6 18. Qe4 Rd8 19. a5 Nd4 20. a6 Rb6
21. Nd5 Rxd5 22. Qxd5 Ne2+ 23. Kh1 Nxc1 24. c3 Ne2 25. Qd2 Qc4 26. Re1 Nf4 27.
Qd8+ Bf8 28. Qxb6 axb6 29. a7 Nd3 30. Rf1 Nxf2+ 31. Rxf2 Qe4 32. Ra1 Qa8 33.
Rd2 Kg7 34. Rd8 Qxd8 35. a8=Q Qd2 36. Qa2 e6 37. Rf1 Qe2 38. Qa1 Bd6 39. Qd1
Qb5 40. Qf3 f5 41. Qb7+ Kf6 42. Re1 Qc5 43. Qd7 Qd5 44. c4 Qd2 45. Rxe6+ Kg5
46. h4+ Kg4 47. Qxd6 1-0

[Event "Tradewise Gibraltar Masters 16th"]
[Site "Gibraltar"]
[Date "2018.01.25"]
[Round "3.99"]
[White "Horvath, Dominik"]
[Black "Smith, Andrew Philip"]
[Result "1-0"]
[WhiteElo "2329"]
[BlackElo "2111"]
[PlyCount "59"]
[EventDate "2018.01.23"]
[EventType "swiss"]
[EventRounds "10"]
[EventCountry "GGB"]
[SourceTitle "BritBase"]
[Source "www.saund.co.uk"]
[SourceDate "2018.02.10"]
[SourceVersion "1"]
[SourceVersionDate "2018.02.10"]
[SourceQuality "1"]

1. Nf3 c5 2. c4 g6 3. e4 Bg7 4. d4 cxd4 5. Nxd4 Nc6 6. Be3 d6 7. Nc3 h5 8. Be2
h4 9. O-O h3 10. g3 Nf6 11. f4 Ng4 12. Bxg4 Bxd4 13. Bxd4 Bxg4 14. Qxg4 Nxd4
15. Rad1 Ne6 16. f5 Nf8 17. c5 Qd7 18. cxd6 exd6 19. e5 gxf5 20. Rxf5 Ne6 21.
Rxd6 Qc8 22. Rf2 a6 23. Ne4 Ke7 24. Qf3 Rh7 25. Qf6+ Ke8 26. Rd1 Kf8 27. Nd6
Qd7 28. Rdf1 Kg8 29. Nxf7 Rf8 30. Qg6+ 1-0

[Event "Tradewise Gibraltar Masters 16th"]
[Site "Gibraltar"]
[Date "2018.01.25"]
[Round "3.100"]
[White "Papp, Petra"]
[Black "Byron, Alan M"]
[Result "1/2-1/2"]
[WhiteElo "2324"]
[BlackElo "2099"]
[PlyCount "87"]
[EventDate "2018.01.23"]
[EventType "swiss"]
[EventRounds "10"]
[EventCountry "GGB"]
[SourceTitle "BritBase"]
[Source "www.saund.co.uk"]
[SourceDate "2018.02.10"]
[SourceVersion "1"]
[SourceVersionDate "2018.02.10"]
[SourceQuality "1"]

1. e4 e5 2. Nf3 Nc6 3. Bb5 a6 4. Ba4 Nf6 5. O-O Be7 6. Re1 b5 7. Bb3 d6 8. c3
O-O 9. h3 a5 10. d4 a4 11. Bc2 Bd7 12. Nbd2 Re8 13. Nf1 h6 14. Ng3 Bf8 15. Be3
Na5 16. b3 axb3 17. axb3 c5 18. d5 Qc7 19. Nd2 Be7 20. f4 Nh7 21. f5 Nb7 22.
Rf1 Ra5 23. Nh5 Bg5 24. Qe2 Rea8 25. Rac1 Ra2 26. Nf3 f6 27. Nxg5 hxg5 28. h4
gxh4 29. Qg4 Be8 30. Qxh4 Rb2 31. Rf2 Raa2 32. Bd1 Rxf2 33. Bxf2 Nd8 34. Qg4
Ng5 35. Be3 Ndf7 36. Ng3 Qb7 37. Qh4 Qa8 38. Bh5 Ra1 39. Rf1 Rxf1+ 40. Nxf1 Bd7
41. Bxf7+ Nxf7 42. Qf2 Qa1 43. Qc2 Be8 44. Qc1 1/2-1/2

[Event "Tradewise Gibraltar Masters 16th"]
[Site "Gibraltar"]
[Date "2018.01.25"]
[Round "3.101"]
[White "Marder, Simon"]
[Black "Garcia Martin, Marta"]
[Result "0-1"]
[WhiteElo "2054"]
[BlackElo "2323"]
[PlyCount "98"]
[EventDate "2018.01.23"]
[EventType "swiss"]
[EventRounds "10"]
[EventCountry "GGB"]
[SourceTitle "BritBase"]
[Source "www.saund.co.uk"]
[SourceDate "2018.02.10"]
[SourceVersion "1"]
[SourceVersionDate "2018.02.10"]
[SourceQuality "1"]

1. d4 d5 2. Nc3 Nf6 3. Bg5 c5 4. Bxf6 gxf6 5. e3 Nc6 6. Nge2 e6 7. a3 f5 8. Nf4
cxd4 9. exd4 a6 10. Nce2 Bd6 11. g3 Qb6 12. c3 Bxf4 13. Nxf4 Qxb2 14. Qc1 Qxc1+
15. Rxc1 Bd7 16. Rb1 Na5 17. Nd3 Bb5 18. Nc5 b6 19. Bxb5+ axb5 20. Nd3 Nc4 21.
Rxb5 Rxa3 22. O-O Rxc3 23. Ra1 Rxd3 24. Ra8+ Ke7 25. Rxh8 Rxd4 26. Rxh7 Rd1+
27. Kg2 d4 28. Rh4 e5 29. g4 f4 30. Rh5 f6 31. g5 fxg5 32. Rxg5 Kf6 33. Rg8 d3
34. Rd8 d2 35. Rb4 Rc1 36. Rxc4 Rxc4 37. Rxd2 b5 38. Rd5 Rb4 39. h4 e4 40. h5
Rb2 41. Rd6+ Kg7 42. Rg6+ Kh7 43. Rg4 e3 44. Rxf4 e2 45. Re4 b4 46. Kf3 b3 47.
Kg4 Rc2 48. Re7+ Kh8 49. Re8+ Kg7 0-1

[Event "Tradewise Gibraltar Masters 16th"]
[Site "Gibraltar"]
[Date "2018.01.25"]
[Round "3.102"]
[White "Sadhwani, Raunak"]
[Black "Compton, Alistair"]
[Result "1-0"]
[WhiteElo "2321"]
[BlackElo "2082"]
[PlyCount "87"]
[EventDate "2018.01.23"]
[EventType "swiss"]
[EventRounds "10"]
[EventCountry "GGB"]
[SourceTitle "BritBase"]
[Source "www.saund.co.uk"]
[SourceDate "2018.02.10"]
[SourceVersion "1"]
[SourceVersionDate "2018.02.10"]
[SourceQuality "1"]

1. e4 e6 2. d4 d5 3. Nd2 Nf6 4. e5 Nfd7 5. Bd3 c5 6. c3 Nc6 7. Ne2 cxd4 8. cxd4
f6 9. Nf4 Nxd4 10. Qh5+ Ke7 11. exf6+ Nxf6 12. Ng6+ hxg6 13. Qxh8 Kf7 14. O-O
e5 15. Nb3 Nxb3 16. axb3 Bf5 17. Rd1 Bc5 18. Qxd8 Rxd8 19. Bg5 Rd7 20. Bb5 Rd6
21. b4 Bb6 22. Bc4 Be6 23. Bd3 Bf5 24. Rac1 Ne4 25. Bxe4 Bxe4 26. Be3 d4 27. f3
Bc6 28. Bf2 Rd5 29. h4 Ke6 30. Rd2 Kd6 31. Re1 Bb5 32. Re4 a5 33. f4 Ke6 34.
bxa5 Ba7 35. Bg3 Bb8 36. fxe5 Ba6 37. Rg4 Rxa5 38. Rxg6+ Kf5 39. Rxg7 d3 40. h5
Ra1+ 41. Kh2 Ba7 42. Bf2 Bb8 43. g4+ Ke4 44. Re7 1-0

[Event "Tradewise Gibraltar Masters 16th"]
[Site "Gibraltar"]
[Date "2018.01.25"]
[Round "3.103"]
[White "Kozarcanin, Sead"]
[Black "Povah, Nigel E"]
[Result "1/2-1/2"]
[WhiteElo "2048"]
[BlackElo "2310"]
[PlyCount "91"]
[EventDate "2018.01.23"]
[EventType "swiss"]
[EventRounds "10"]
[EventCountry "GGB"]
[SourceTitle "BritBase"]
[Source "www.saund.co.uk"]
[SourceDate "2018.02.10"]
[SourceVersion "1"]
[SourceVersionDate "2018.02.10"]
[SourceQuality "1"]

1. b3 e5 2. Bb2 Nc6 3. e3 Nf6 4. Bb5 Bd6 5. Bxc6 dxc6 6. d3 O-O 7. Nd2 Re8 8.
e4 Bg4 9. Ngf3 Nh5 10. h3 Bd7 11. Nc4 Qf6 12. g3 b5 13. Ne3 Qe7 14. Nh4 g6 15.
Nhf5 Bxf5 16. Nxf5 Qe6 17. Qf3 Bb4+ 18. Kf1 gxf5 19. Qxh5 fxe4 20. dxe4 Rad8
21. a3 Bc5 22. Qg5+ Qg6 23. Qxg6+ hxg6 24. Ke2 Bd4 25. c3 Bc5 26. Rhd1 Rd6 27.
b4 Bb6 28. a4 a6 29. Rxd6 cxd6 30. axb5 axb5 31. Ra6 Rb8 32. Bc1 Kg7 33. h4 d5
34. Be3 Bxe3 35. Kxe3 Rc8 36. exd5 cxd5 37. Kd3 d4 38. cxd4 Rd8 39. Kc3 Rc8+
40. Kb3 exd4 41. Rd6 Rc3+ 42. Kb2 Rc4 43. Kb3 Rc3+ 44. Kb2 Rc4 45. Kb3 Rc3+ 46.
Kb2 1/2-1/2

[Event "Tradewise Gibraltar Masters 16th"]
[Site "Gibraltar"]
[Date "2018.01.25"]
[Round "3.104"]
[White "Hewson, Brian W R"]
[Black "Rapport, Jovana"]
[Result "0-1"]
[WhiteElo "2024"]
[BlackElo "2305"]
[PlyCount "108"]
[EventDate "2018.01.23"]
[EventType "swiss"]
[EventRounds "10"]
[EventCountry "GGB"]
[SourceTitle "BritBase"]
[Source "www.saund.co.uk"]
[SourceDate "2018.02.10"]
[SourceVersion "1"]
[SourceVersionDate "2018.02.10"]
[SourceQuality "1"]

1. d4 e6 2. c4 f5 3. Nc3 Nf6 4. Nf3 Bb4 5. Bd2 b6 6. a3 Bxc3 7. Bxc3 Bb7 8. e3
O-O 9. b4 Ne4 10. Qb3 f4 11. Be2 Qf6 12. O-O d6 13. exf4 Qxf4 14. Bb2 Nd7 15.
Qe3 Rae8 16. Qxf4 Rxf4 17. Rad1 Ref8 18. Rd3 h6 19. Bc1 R4f7 20. Be3 d5 21. Nd2
dxc4 22. Nxc4 Ba6 23. Rb3 Bb5 24. f3 Ba4 25. Rb2 Nc3 26. Rc1 Nd5 27. Bf2 c6 28.
Nd6 Re7 29. Bc4 N7f6 30. Re1 Rd8 31. Ne4 Bb5 32. Bxb5 cxb5 33. Rc2 Nxe4 34.
Rxe4 Ree8 35. Rc6 Kf7 36. Re1 Nf4 37. Be3 Nd5 38. Bf2 Rd7 39. Bg3 a5 40. bxa5
bxa5 41. Ra6 a4 42. Bd6 Rb7 43. Rb1 Rc8 44. Rb2 Rc4 45. Ra5 b4 46. axb4 Rxd4
47. h3 Nb6 48. Bc5 Rd1+ 49. Kh2 Nc4 50. Ra2 Nxa5 51. bxa5 Rb5 52. Bb6 Rb4 53.
Bc5 Rc4 54. Bb6 Rb1 0-1

[Event "Tradewise Gibraltar Masters 16th"]
[Site "Gibraltar"]
[Date "2018.01.25"]
[Round "3.105"]
[White "Avila Fraire, Ameyalli"]
[Black "Merario Alarcon, Andres"]
[Result "0-1"]
[WhiteElo "2014"]
[BlackElo "2298"]
[PlyCount "60"]
[EventDate "2018.01.23"]
[EventType "swiss"]
[EventRounds "10"]
[EventCountry "GGB"]
[SourceTitle "BritBase"]
[Source "www.saund.co.uk"]
[SourceDate "2018.02.10"]
[SourceVersion "1"]
[SourceVersionDate "2018.02.10"]
[SourceQuality "1"]

1. e4 e5 2. Nf3 Nc6 3. Bc4 Nf6 4. d3 Bc5 5. O-O d6 6. c3 O-O 7. b4 Bb6 8. a4 a5
9. b5 Ne7 10. h3 Ng6 11. Re1 c6 12. bxc6 bxc6 13. Bb3 Re8 14. Be3 Rb8 15. Nbd2
d5 16. Rb1 Bxe3 17. fxe3 Ba6 18. Bc2 Qc7 19. d4 Rbd8 20. Nb3 Nxe4 21. Bxe4 dxe4
22. Nc5 exf3 23. Nxa6 Qc8 24. Nc5 e4 25. Rb7 Rd5 26. Qb3 fxg2 27. Nxe4 Qxh3 28.
Nf2 Qg3 29. Nd3 Qh4 30. Ne5 Qxe1+ 0-1

[Event "Tradewise Gibraltar Masters 16th"]
[Site "Gibraltar"]
[Date "2018.01.25"]
[Round "3.106"]
[White "Bliumberg, Vladislav"]
[Black "Safarian, Alek"]
[Result "1-0"]
[WhiteElo "2276"]
[BlackElo "2006"]
[PlyCount "95"]
[EventDate "2018.01.23"]
[EventType "swiss"]
[EventRounds "10"]
[EventCountry "GGB"]
[SourceTitle "BritBase"]
[Source "www.saund.co.uk"]
[SourceDate "2018.02.10"]
[SourceVersion "1"]
[SourceVersionDate "2018.02.10"]
[SourceQuality "1"]

1. d4 d5 2. Bf4 Nf6 3. e3 Bf5 4. c4 e6 5. Nc3 c6 6. Qb3 Qb6 7. c5 Qxb3 8. axb3
Nbd7 9. b4 Be7 10. Nf3 Nh5 11. b5 Nxf4 12. exf4 O-O 13. Be2 Rfc8 14. O-O cxb5
15. Bxb5 Nb8 16. Ra2 Nc6 17. Rfa1 a6 18. Bxc6 Rxc6 19. g4 Be4 20. Ne5 Rc7 21.
f3 Bg6 22. f5 f6 23. Nxg6 hxg6 24. fxe6 Rd8 25. f4 f5 26. g5 Bxc5 27. dxc5 Rxc5
28. Ra4 d4 29. Rd1 d3 30. e7 Re8 31. Rxd3 Rxe7 32. Rad4 Ra5 33. Rd8+ Kf7 34.
R8d7 Ra1+ 35. Kf2 Rae1 36. Rxe7+ Rxe7 37. Ne2 Rc7 38. Nd4 Ke7 39. Nf3 Rc2+ 40.
Rd2 Rc4 41. Kg3 Rb4 42. Ne5 Rb6 43. Rd7+ Kf8 44. Rf7+ Kg8 45. Rc7 Rb3+ 46. Rc3
Rxb2 47. Rc8+ Kh7 48. Nf7 1-0

[Event "Tradewise Gibraltar Masters 16th"]
[Site "Gibraltar"]
[Date "2018.01.25"]
[Round "3.107"]
[White "Burke, Mitchell R"]
[Black "Heinemann, Josefine"]
[Result "0-1"]
[WhiteElo "1989"]
[BlackElo "2270"]
[PlyCount "126"]
[EventDate "2018.01.23"]
[EventType "swiss"]
[EventRounds "10"]
[EventCountry "GGB"]
[SourceTitle "BritBase"]
[Source "www.saund.co.uk"]
[SourceDate "2018.02.10"]
[SourceVersion "1"]
[SourceVersionDate "2018.02.10"]
[SourceQuality "1"]

1. e4 c5 2. Nc3 Nc6 3. f4 g6 4. Nf3 Bg7 5. Bb5 Nd4 6. O-O Nxb5 7. Nxb5 d5 8. e5
a6 9. Nc3 d4 10. Ne4 Qd5 11. d3 Nh6 12. Qe1 b6 13. b4 c4 14. Ned2 cxd3 15. cxd3
Nf5 16. Nb3 Bb7 17. Bb2 Bh6 18. Nbxd4 Bxf4 19. Nxf5 gxf5 20. Qh4 Be3+ 21. Kh1
e6 22. Bc1 Qxd3 23. Bxe3 Qxe3 24. Rfe1 Qa3 25. Rac1 Rc8 26. Rxc8+ Bxc8 27. Rd1
Bd7 28. Qd4 Qa4 29. Qd6 Qc6 30. Qxc6 Bxc6 31. Rd6 Bxf3 32. gxf3 b5 33. Rxa6 Kd7
34. Rb6 Ra8 35. Rxb5 Rxa2 36. Kg1 Rc2 37. h3 Kc6 38. Ra5 Rb2 39. Ra7 Rxb4 40.
Rxf7 Rb7 41. Rf8 Kd5 42. Ra8 Kxe5 43. Ra4 Rb2 44. Rh4 h5 45. Ra4 Kf6 46. h4 Rd2
47. f4 Re2 48. Ra3 Ke7 49. Ra7+ Kd6 50. Rh7 Re4 51. Rxh5 Rxf4 52. Rh8 Ke5 53.
Kg2 Ra4 54. h5 Kf4 55. Rg8 Ra2+ 56. Kg1 Ra7 57. Re8 e5 58. h6 e4 59. Rg8 Rh7
60. Rg6 Kf3 61. Kf1 f4 62. Ra6 e3 63. Re6 Rb7 0-1

[Event "Tradewise Gibraltar Masters 16th"]
[Site "Gibraltar"]
[Date "2018.01.25"]
[Round "3.108"]
[White "Mohota, Nisha"]
[Black "Gagare, Shalmali"]
[Result "1-0"]
[WhiteElo "2269"]
[BlackElo "2001"]
[PlyCount "135"]
[EventDate "2018.01.23"]
[EventType "swiss"]
[EventRounds "10"]
[EventCountry "GGB"]
[SourceTitle "BritBase"]
[Source "www.saund.co.uk"]
[SourceDate "2018.02.10"]
[SourceVersion "1"]
[SourceVersionDate "2018.02.10"]
[SourceQuality "1"]

1. e4 e6 2. d4 d5 3. Nc3 Nf6 4. e5 Nfd7 5. f4 c5 6. Nf3 Nc6 7. Be3 Be7 8. Qd2
O-O 9. dxc5 Bxc5 10. O-O-O Qa5 11. a3 Rb8 12. Bxc5 Nxc5 13. Qe3 Qb6 14. Nd4
Nxd4 15. Rxd4 Bd7 16. f5 f6 17. Kb1 Ne4 18. exf6 Nxc3+ 19. Qxc3 Rxf6 20. Rg4
Rbf8 21. Qg3 R6f7 22. Rb4 Qc6 23. Bb5 Qc8 24. Bxd7 Qxd7 25. fxe6 Qxe6 26. Rd1
Rd7 27. Rbd4 Rfd8 28. Qf3 b5 29. Qd3 a6 30. b3 Qd6 31. Rh4 g6 32. Ka2 d4 33.
Kb2 Qc5 34. Rh3 Rc8 35. Rf3 a5 36. Qe2 Qd5 37. Rfd3 Qf7 38. Rxd4 Qf6 39. c3
Rdc7 40. R1d3 b4 41. axb4 axb4 42. cxb4 Rd7 43. Kb1 Rxd4 44. Rxd4 Qxd4 45. Qe6+
Kg7 46. Qxc8 Qxb4 47. Kb2 Kh6 48. Qh3+ Kg5 49. Qe3+ Kf5 50. Qc3 Qd6 51. h3 Qb6
52. b4 Ke6 53. Qc4+ Kd6 54. Qf4+ Kd7 55. Qf7+ Kc8 56. Qg8+ Kb7 57. Qxh7+ Ka6
58. Qh4 Kb5 59. Qf4 Ka4 60. Kc3 Qc6+ 61. Qc4 Qf6+ 62. Qd4 Qc6+ 63. Qc5 Qf6+ 64.
Kc2 Qa6 65. Qa5+ Qxa5 66. bxa5 Kxa5 67. Kd3 Kb5 68. Ke4 1-0

[Event "Tradewise Gibraltar Masters 16th"]
[Site "Gibraltar"]
[Date "2018.01.25"]
[Round "3.109"]
[White "Dev, Shah"]
[Black "Lercel, Michal"]
[Result "0-1"]
[WhiteElo "1977"]
[BlackElo "2252"]
[PlyCount "122"]
[EventDate "2018.01.23"]
[EventType "swiss"]
[EventRounds "10"]
[EventCountry "GGB"]
[SourceTitle "BritBase"]
[Source "www.saund.co.uk"]
[SourceDate "2018.02.10"]
[SourceVersion "1"]
[SourceVersionDate "2018.02.10"]
[SourceQuality "1"]

1. d4 Nf6 2. Bf4 d5 3. e3 c5 4. c3 Nc6 5. Nd2 e6 6. Ngf3 cxd4 7. exd4 Nh5 8.
Bg5 f6 9. Bh4 Bd6 10. Bb5 Qb6 11. Bxc6+ bxc6 12. b3 O-O 13. O-O c5 14. dxc5
Bxc5 15. b4 Bd6 16. Nb3 g5 17. Bg3 Bxg3 18. Nfd4 Bxh2+ 19. Kxh2 Nf4 20. Nc5 e5
21. Ne2 Bg4 22. f3 Be6 23. g3 Ng6 24. f4 Ne7 25. Qd2 h6 26. Rae1 Nf5 27. g4 Nh4
28. f5 Bf7 29. Nd7 Qc6 30. Nxf8 Kxf8 31. Ng3 a5 32. Rc1 Qc4 33. Qe2 Qxe2+ 34.
Nxe2 axb4 35. cxb4 Rxa2 36. Rf2 d4 37. Kg3 Ra3+ 38. Kh2 Ra2 39. Kg3 Ra3+ 40.
Kh2 Nf3+ 41. Kh1 d3 42. Rc8+ Kg7 43. Ng1 d2 44. Rd8 Ra1 45. Rxf3 d1=Q 46. Rxd1
Rxd1 47. Kh2 Rb1 48. Nh3 Rxb4 49. Rg3 Bd5 50. Nf2 Rb2 51. Kg1 Rb1+ 52. Kh2 Rb2
53. Rg2 Bxg2 54. Kxg2 Rxf2+ 55. Kxf2 h5 56. gxh5 Kh6 57. Kg3 Kxh5 58. Kh3 g4+
59. Kg3 Kg5 60. Kg2 Kxf5 61. Kg3 e4 0-1

[Event "Tradewise Gibraltar Masters 16th"]
[Site "Gibraltar"]
[Date "2018.01.25"]
[Round "3.110"]
[White "Gavilan Diaz, Mario"]
[Black "Suez-Panama, Gilles"]
[Result "1-0"]
[WhiteElo "2251"]
[BlackElo "1959"]
[PlyCount "67"]
[EventDate "2018.01.23"]
[EventType "swiss"]
[EventRounds "10"]
[EventCountry "GGB"]
[SourceTitle "BritBase"]
[Source "www.saund.co.uk"]
[SourceDate "2018.02.10"]
[SourceVersion "1"]
[SourceVersionDate "2018.02.10"]
[SourceQuality "1"]

1. e4 e6 2. d4 d5 3. Nc3 Nf6 4. e5 Nfd7 5. f4 c5 6. Nf3 Nc6 7. Be3 a6 8. Qd2 b5
9. dxc5 Bxc5 10. Bd3 d4 11. Nxd4 Nxd4 12. Be4 Nb6 13. Bxa8 Nc4 14. Bxd4 Nxd2
15. Bxc5 Bd7 16. O-O-O Qxa8 17. Rxd2 Qc6 18. b4 f5 19. Rhd1 h6 20. a4 g5 21.
axb5 axb5 22. Rxd7 Qxd7 23. Rxd7 Kxd7 24. Kd2 gxf4 25. Ke2 Kc6 26. Kf3 Rg8 27.
Ne2 Kd5 28. Bd4 Ra8 29. c3 Kc4 30. Nxf4 Ra6 31. Kg3 Kb3 32. Kh4 Ra2 33. Kh5 Rc2
34. Kxh6 1-0